| Tag |
First Indicator |
Second Indicator |
Subfields |
| LEADER |
00000cam a2200000 a 4500 |
| 001 |
in00000083044 |
| 005 |
20151008055545.0 |
| 008 |
711126s1971 mau i 00010 engm |
| 010 |
|
|
|a 74030236
|
| 035 |
|
|
|a (OCoLC)00209485
|
| 035 |
|
|
|9 AAJ3779AM
|
| 037 |
|
|
|c $5.00
|
| 040 |
|
|
|a DLC
|c DLC
|d m.c.
|d TXA
|d UtOrBLW
|
| 049 |
|
|
|a TXAS
|c [1422197]
|
| 050 |
0 |
0 |
|a Z5917.S36
|b N42 1971
|
| 082 |
0 |
|
|a 016.823/0876
|
| 110 |
2 |
|
|a New England Science Fiction Association.
|
| 245 |
1 |
0 |
|a Index to the science fiction magazines, 1966-1970 /
|c New England Science Fiction Association.
|
| 250 |
|
|
|a 1st ed.
|
| 264 |
|
1 |
|a [Cambridge, Mass.] :
|b NESFA,
|c [1971]
|
| 264 |
|
4 |
|c ©1971
|
| 300 |
|
|
|a ix, 82 pages ;
|c 29 cm.
|
| 336 |
|
|
|a text
|b txt
|2 rdacontent
|
| 337 |
|
|
|a unmediated
|b n
|2 rdamedia
|
| 338 |
|
|
|a volume
|b nc
|2 rdacarrier
|
| 500 |
|
|
|a "Companion volume to the Index to the science fiction magazines, 1951-1965, compiled by Erwin S. Strauss"--p. [vii]
|
| 650 |
|
0 |
|a Science fiction
|v Periodicals
|x Indexes.
|
| 700 |
1 |
|
|a Strauss, Erwin S.
|t MIT Science Fiction Society's index to the s-f magazines, 1951-1965.
|
| 999 |
|
|
|a MARS
|
| 999 |
f |
f |
|s 9f242a0a-9b77-36dc-9ed5-adeccac02392
|i 7c83fb03-8420-316c-b45d-45de263c0aa6
|t 0
|
| 952 |
f |
f |
|p noncirc
|a Texas A&M University
|b College Station
|c Cushing Memorial Library & Archives
|d Cushing: Science Fiction (Does not check out)
|t 0
|e Z5917.S36 N42 1971
|h Library of Congress classification
|i unmediated -- volume
|m A1485340198A
|
| 952 |
f |
f |
|p noncirc
|a Texas A&M University
|b College Station
|c Cushing Memorial Library & Archives
|d Cushing: Science Fiction (Does not check out)
|t 0
|e Z5917.S36 N42 1971
|h Library of Congress classification
|i unmediated -- volume
|m A14806069944
|
| 998 |
f |
f |
|a Z5917.S36 N42 1971
|t 0
|l Cushing: Science Fiction (Does not check out)
|
| 998 |
f |
f |
|a Z5917.S36 N42 1971
|t 0
|l Cushing: Science Fiction (Does not check out)
|